000 00939cam a22002894a 4500
001 14304083
005 20180125070005.0
008 060317s2007 njua b 001 0 eng
010 _a 2006008908
020 _a0131744011 (pbk.)
020 _a9780131744011
035 _a(OCoLC)ocm65187293
035 _a(OCoLC)65187293
040 _aDLC
_cDLC
_dYDXCP
_dBAKER
_dOCLCQ
_dBTCTA
_dDLC
041 _aeng
042 _apcc
043 _an-us---
080 _a320.473 BER
082 0 0 _a320.473 BER
_222
100 1 _a19
101 _aPOL
245 1 0 _aApproaching democracy /
_cLarry Berman, Bruce Allen Murphy.
504 _aIncludes bibliographical references and index.
906 _a7
_bcbc
_corignew
_d1
_eecip
_f20
_gy-gencatlg
942 _2ddc
_cBK
999 _c40926
_d40926